000 00753cam a2200205 4500
020 _a0824801016
082 0 0 _a551.5246537
_bBAD
_cL - 27, P-109
100 1 _aBadgley, Franklin I.
_940370
245 1 0 _aProfiles of wind, temperature, and humidity over the Arabian Sea,
_cby F. I. Badgley, C. A. Paulson, and M. Miyake.
250 _a[1st ed.
260 _aHonolulu]
_bUniversity Press of Hawaii
_c[1972]
300 _a62 p.
_billus.
_c29 cm.
500 _a"An East-West Center book."
526 _a0
_b0
_c0
_d551_524653700000000_BAD
650 0 _aBoundary layer (Meteorology)
_zArabian Sea.
_940371
650 0 _aMarine meteorology
_zArabian Sea.
_940372
700 1 _aMiyake, Mikio,
_940373
700 1 _aPaulson, Clayton A.,
_940374
942 _2ddc
_cBK
999 _c544689
_d544689